<?xml version="1.0" encoding="UTF-8"?>
<record
    xmlns:xsi="http://www.w3.org/2001/XMLSchema-instance"
    xsi:schemaLocation="http://www.loc.gov/MARC21/slim http://www.loc.gov/standards/marcxml/schema/MARC21slim.xsd"
    xmlns="http://www.loc.gov/MARC21/slim">

  <leader>00649nam a2200157   4500</leader>
  <controlfield tag="006">230622b        |||||||| |||| 00| 0 eng d</controlfield>
  <controlfield tag="007">9783039216123</controlfield>
  <controlfield tag="008">230622b        |||||||| |||| 00| 0 eng d</controlfield>
  <datafield tag="050" ind1=" " ind2=" ">
    <subfield code="a">RC 662.4 </subfield>
    <subfield code="b">.D54 2019</subfield>
  </datafield>
  <datafield tag="245" ind1=" " ind2=" ">
    <subfield code="a">Diet and Immune Function/</subfield>
    <subfield code="c">Edited by lizabeth A Miles, Philip Calder, Caroline E Childs</subfield>
  </datafield>
  <datafield tag="260" ind1=" " ind2=" ">
    <subfield code="a">[Erscheinungsort nicht ermittelbar] :</subfield>
    <subfield code="b">MDPI - Multidisciplinary Digital Publishing Institute, </subfield>
    <subfield code="c">2019</subfield>
  </datafield>
  <datafield tag="300" ind1=" " ind2=" ">
    <subfield code="a">vii,303p. :</subfield>
    <subfield code="b">ill. ;</subfield>
    <subfield code="c">27cm</subfield>
  </datafield>
  <datafield tag="504" ind1=" " ind2=" ">
    <subfield code="a">Includes Biblio. Ref.</subfield>
  </datafield>
  <datafield tag="650" ind1=" " ind2=" ">
    <subfield code="a">Immunologic diseases </subfield>
    <subfield code="v">Allergy</subfield>
    <subfield code="x">Medicine</subfield>
  </datafield>
  <datafield tag="942" ind1=" " ind2=" ">
    <subfield code="2">lcc</subfield>
    <subfield code="c">BOOKS</subfield>
    <subfield code="h">RC 662.4 .D54 2019</subfield>
  </datafield>
  <datafield tag="999" ind1=" " ind2=" ">
    <subfield code="c">31625</subfield>
    <subfield code="d">31625</subfield>
  </datafield>
  <datafield tag="952" ind1=" " ind2=" ">
    <subfield code="0">0</subfield>
    <subfield code="1">0</subfield>
    <subfield code="2">lcc</subfield>
    <subfield code="4">0</subfield>
    <subfield code="7">0</subfield>
    <subfield code="a">MUC</subfield>
    <subfield code="b">MUC</subfield>
    <subfield code="c">GEN</subfield>
    <subfield code="d">2023-06-16</subfield>
    <subfield code="e">Purchase-Falcon</subfield>
    <subfield code="g">7995.00</subfield>
    <subfield code="l">0</subfield>
    <subfield code="o">RC 662.4 .D54 2019</subfield>
    <subfield code="p">39411</subfield>
    <subfield code="r">2023-06-22</subfield>
    <subfield code="w">2023-06-22</subfield>
    <subfield code="y">BOOKS</subfield>
  </datafield>
</record>
